Closest capital acrostics- K capitals - Statistics

General Stats
  • This quiz has been taken 60 times
  • The average score is 56 of 80
Answer Stats
Hint Answer % Correct
K Kigali
97%
U Ulaanbaatar
97%
A Addis Ababa
94%
K Kathmandu
94%
A Ashgabat
91%
H Hanoi
91%
I Islamabad
91%
U Ulaanbaatar
91%
I Islamabad
88%
I Islamabad
88%
K Kabul
88%
U Ulaanbaatar
88%
A Addis Ababa
84%
A Ashgabat
84%
B Bishkek
84%
I Islamabad
84%
K Kampala
84%
K Kingstown
84%
U Ulaanbaatar
84%
A Asmara
81%
A Asmara
81%
G Gaborone
81%
G Guatemala City
81%
H Harare
81%
K Kampala
81%
K Kingston
81%
O Ouagadougou
81%
T Tegucigalpa
81%
V Vilnius
81%
W Washington
81%
G Georgetown
78%
I Islamabad
78%
K Kigali
78%
K Kuwait City
78%
O Ottawa
78%
N Nassau
75%
R Riyadh
75%
I Islamabad
72%
L Lilongwe
72%
M Mogadishu
72%
N Nassau
72%
N New Delhi
72%
S Santo Domingo
72%
T Tegucigalpa
72%
T Tripoli
72%
U Ulaanbaatar
72%
A Antananarivo
69%
A Astana
69%
D Dhaka
69%
H Harare
69%
K Kathmandu
69%
L Lilongwe
69%
O Ottawa
69%
T Thimphu
69%
W Warsaw
69%
Y Yerevan
66%
A Abuja
63%
P Pretoria
63%
S Saint George's
63%
A Abu Dhabi
59%
A Accra
59%
C Cairo
59%
K Kabul
59%
M Mogadishu
59%
T Tehran
59%
L Ljubljana
56%
N N'Djamena
50%
P Phnom Penh
50%
S Sao Tome
50%
T Tbilisi
50%
M Manila
47%
R Riyadh
47%
M Muscat
44%
A Abu Dhabi
38%
L Lilongwe
38%
A Ashgabat
34%
N Nouakchott
34%
N Nouakchott
34%
S Sana'a
34%
L Lusaka
28%
No matching quizzes found
Score Distribution
Percent of People with Each Score
Percentile by Number Answered
Your Score History
You have not taken this quiz